UBT Library

THE DOGWOOD THIEVES (Record no. 59359)

000 -LEADER
fixed length control field 00306nam a22001457a 4500
008 - FIXED-LENGTH DATA ELEMENTS--GENERAL INFORMATION
fixed length control field 230315b ||||| |||| 00| 0 eng d
020 ## - INTERNATIONAL STANDARD BOOK NUMBER
International Standard Book Number 9780979764257
041 ## - LANGUAGE CODE
Language code of text/sound track or separate title eng
080 ## - UNIVERSAL DECIMAL CLASSIFICATION NUMBER
Universal Decimal Classification number 7
082 ## - DEWEY DECIMAL CLASSIFICATION NUMBER
Classification number 7CUR
100 ## - Rafti
Rafti 21
101 ## - Shkurtesa
Shkurtesa ART
245 ## - TITLE STATEMENT
Title THE DOGWOOD THIEVES
Statement of responsibility, etc CURRIN J
942 ## - ADDED ENTRY ELEMENTS (KOHA)
Source of classification or shelving scheme
Item type Books
Holdings
Withdrawn status Lost status Source of classification or shelving scheme Damaged status Not for loan Collection code Permanent location Current location Date acquired Total Checkouts Full call number Barcode Date last seen Price effective from Koha item type
          Koleksioni i përgjithshem UBT - Lipjan UBT - Lipjan 03/15/2023   7CUR 002-8000104 03/15/2023 03/15/2023 Books
          Koleksioni i përgjithshem UBT - Lipjan UBT - Lipjan 03/15/2023   7CUR 002-8000105 03/15/2023 03/15/2023 Books
UBT Library © 2015-2024. All rights reserved University Education for Business and Technology